000 00636nam a22001577a 4500
003 macl
005 20231105160838.0
008 231105b |||||||| |||| 00| 0 eng d
040 _cmacl
082 _a500
100 _aअग्रहरि, रवि पी ,
_982024
245 _aविज्ञान एवं पैाद्योगिकी सिविल सेेवा की प्रारंभिक एवं मुख्‍य परीक्षा हेतु 6वां संस्‍करण
260 _aदिल्‍ली
_bMC GRAW HILL
_c2023
650 _aविज्ञान
942 _2ddc
_cHIN
999 _c66331
_d66331